000 00595nam a22002297a 4500
003 UA-OsUOA
001 34698
007 ta
008 20051019b un ||||| |||| 00| 0 ukr d
100 _aОльшанский П.
090 _a94(47+571)
_bО-56
942 _cBK
040 _aUA-OsUOA
_brus
_cUA-OsUOA
_dUA-OsUOA
245 _aДекабристы и Польское национально- освободительное движение
300 _a224 с.
955 _a1
041 _arus
080 _a94(47+571)
260 _aМ.
_c1959
650 7 _2UDC
999 _c321120
_d321120